000 007400000a22001930004500
999 _c49368
_d49368
001 2222
003 CO-MdFUSB
005 20180307184026.0
008 170515b xxu||||| |||| 00| 0 eng d
020 _a978-84-683-0012-2
040 _cCO-MdBIC
082 0 4 _a863C T72ce
100 1 _aRoberto Aliaga
245 1 0 _aUn camaleón en la escuela de los gatos
260 _aEspaña : Edebé
300 _a32p/21x20cm
505 0 0 _a1. La lombriz que nunca había visto el sol -- 2. Quiero escribir un cuento -- 3. Doña desastre -- 4. ¿Cuándo viene Papá? -- 5. La peligrosa casa horrible -- 6.Emma no se quiere bañar -- 7. Un camaleón en la escuela de gatos -- 8. El cerdito azul -- 9. Dewey: íUn gato el ma biblioteca!
942 _cLGB